Historia de la filosofía española (Record no. 166321)

MARC details
000 -LEADER
campo de control de longitud fija 00856nam a2200217 i 4500
001 - NÚMERO DE CONTROL
campo de control 166321
003 - IDENTIFICADOR DE NÚMERO DE CONTROL
campo de control ES-MaACL
005 - FECHA Y HORA DE LA ÚLTIMA TRANSACCIÓN
campo de control 20250809052457.0
008 - DATOS DE LONGITUD FIJA--INFORMACIÓN GENERAL
campo de control de longitud fija 190923s1908 sp |||| | spa d
100 1# - ENTRADA PRINCIPAL--NOMBRE DE PERSONA
Nombre de persona Bonilla y San Martín, Adolfo,
Fechas asociadas al nombre 1875-1926
9 (RLIN) 30193
245 10 - MENCIÓN DEL TÍTULO
Título Historia de la filosofía española
Resto del título : (desde los tiempos primitivos hasta el siglo XII) /
Mención de responsabilidad, etc. por Adolfo Bonilla y San Martín.
260 ## - PUBLICACIÓN, DISTRIBUCIÓN, ETC.
Lugar de publicación, distribución, etc. Madrid :
Nombre del editor, distribuidor, etc. Librería General de Victoriano Suárez,
Fecha de publicación, distribución, etc. 1908.
300 ## - DESCRIPCIÓN FÍSICA
Extensión 2 v. ;
Dimensiones 19 cm.
490 1# - MENCIÓN DE SERIE
Mención de serie Biblioteca de derecho y ciencias sociales
650 #4 - PUNTO DE ACCESO ADICIONAL DE MATERIA--TÉRMINO DE MATERIA
Término de materia o nombre geográfico como elemento de entrada Filosofía-
Subdivisión geográfica España-
Subdivisión de forma Historia.
9 (RLIN) 12844
650 #7 - PUNTO DE ACCESO ADICIONAL DE MATERIA--TÉRMINO DE MATERIA
Término de materia o nombre geográfico como elemento de entrada Filosofía antigua
Fuente del encabezamiento o término embne
9 (RLIN) 138724
650 #7 - PUNTO DE ACCESO ADICIONAL DE MATERIA--TÉRMINO DE MATERIA
Término de materia o nombre geográfico como elemento de entrada Filosofía medieval
Fuente del encabezamiento o término embne
9 (RLIN) 12857
830 00 - PUNTO DE ACCESO ADICIONAL DE SERIE-TÍTULO UNIFORME
Título uniforme Biblioteca de derecho y de ciencias sociales
9 (RLIN) 182270
852 ## - LOCALIZACIÓN
Ubicación ES-MaACL
Número de control de estantería P-847-1-2
Holdings
Estatus retirado Estado de pérdida Estado de daño No para préstamo Biblioteca de origen Biblioteca actual Ubicación en estantería Fecha de adquisición Fuente de adquisición Total de préstamos Signatura topográfica completa Código de barras Visto por última vez Precio de reemplazo Tipo de ítem Koha
        Biblioteca del Ateneo de Madrid Biblioteca del Ateneo de Madrid Depósito 2 23/09/2019     P-847-1-2 1201121 23/02/2023 23/02/2023 Libro impreso